000 00521nam a2200229Ia 4500
001 66925
003 139963
005 20241016063313.0
008 ||||||n9999 ||| || ||
041 _aspa
082 _220
_a3479861
245 0 _aNuevo codigo de comercio
260 _aBogotá :
_bLegis,
_c1990.
300 _ap.v.
500 _aHojas intercambiables
562 _e1
650 0 _aCÓDIGO DE COMERCIO
_911400
650 0 _aLegislación
_9538
942 _cBKM
999 _c66925
_d66925
526 _a51868
526 _a1697